<?xml version="1.0" encoding="UTF-8"?>
<record
    xmlns:xsi="http://www.w3.org/2001/XMLSchema-instance"
    xsi:schemaLocation="http://www.loc.gov/MARC21/slim http://www.loc.gov/standards/marcxml/schema/MARC21slim.xsd"
    xmlns="http://www.loc.gov/MARC21/slim">

  <leader>01838nam a22003137a 4500</leader>
  <controlfield tag="001">1563</controlfield>
  <controlfield tag="003">FISKH</controlfield>
  <controlfield tag="005">20231002114339.0</controlfield>
  <controlfield tag="008">230907b        cb ||||| |||| 00| 0 khr d</controlfield>
  <datafield tag="020" ind1=" " ind2=" ">
    <subfield code="a">9789996305535</subfield>
  </datafield>
  <datafield tag="040" ind1=" " ind2=" ">
    <subfield code="a">FISKH </subfield>
    <subfield code="b">eng</subfield>
    <subfield code="c">FISKH </subfield>
    <subfield code="d">FISKH </subfield>
  </datafield>
  <datafield tag="082" ind1=" " ind2=" ">
    <subfield code="a">331.702</subfield>
  </datafield>
  <datafield tag="100" ind1=" " ind2=" ">
    <subfield code="a">Anonymous </subfield>
  </datafield>
  <datafield tag="245" ind1=" " ind2=" ">
    <subfield code="a">&#x1780;&#x17B6;&#x179A;&#x178F;&#x17D2;&#x179A;&#x17C0;&#x1798;&#x1781;&#x17D2;&#x179B;&#x17BD;&#x1793;&#x1792;&#x17D2;&#x179C;&#x17BE;&#x1780;&#x17B6;&#x179A;&#x1784;&#x17B6;&#x179A; / </subfield>
  </datafield>
  <datafield tag="250" ind1=" " ind2=" ">
    <subfield code="a">&#x1794;&#x17C4;&#x17C7;&#x1796;&#x17BB;&#x1798;&#x17D2;&#x1796;&#x179B;&#x17BE;&#x1780;&#x1791;&#x17B8;&#x17E3; &#x1798;&#x17B7;&#x200B;&#x1793;&#x17B6;&#x200B; &#x17E2;&#x17E0;&#x17E2;&#x17E1;</subfield>
  </datafield>
  <datafield tag="260" ind1=" " ind2=" ">
    <subfield code="a">Phnom Penh : </subfield>
    <subfield code="b">Sipar, </subfield>
    <subfield code="c">2021.</subfield>
  </datafield>
  <datafield tag="300" ind1=" " ind2=" ">
    <subfield code="a">48 pages : </subfield>
    <subfield code="b">color illustrations ; </subfield>
    <subfield code="c">29 cm</subfield>
  </datafield>
  <datafield tag="490" ind1=" " ind2=" ">
    <subfield code="a">&#x1794;&#x17C6;&#x1793;&#x17B7;&#x1793;&#x1787;&#x17B8;&#x179C;&#x17B7;&#x178F;&#x200B;</subfield>
  </datafield>
  <datafield tag="505" ind1=" " ind2=" ">
    <subfield code="a">Z'
</subfield>
  </datafield>
  <datafield tag="520" ind1=" " ind2=" ">
    <subfield code="a">&#x1794;&#x1784;&#x17D2;&#x17A0;&#x17B6;&#x1789;&#x1796;&#x17B8;&#x178A;&#x17C6;&#x178E;&#x17BE;&#x179A;&#x1780;&#x17B6;&#x179A;&#x1793;&#x17C3;&#x1780;&#x17B6;&#x179A;&#x179A;&#x17C0;&#x1794;&#x1785;&#x17C6;&#x178F;&#x17D2;&#x179A;&#x17C0;&#x1798;&#x1781;&#x17D2;&#x179B;&#x17BD;&#x1793; &#x1792;&#x17D2;&#x179C;&#x17BE;&#x1780;&#x17B6;&#x179A;&#x1784;&#x17B6;&#x179A;&#x179A;&#x17BD;&#x1798;&#x1798;&#x17B6;&#x1793;&#x17D6; &#x1798;&#x17BB;&#x1793;&#x1793;&#x17B9;&#x1784;&#x179F;&#x17D2;&#x179C;&#x17C2;&#x1784;&#x179A;&#x1780;&#x1780;&#x17B6;&#x179A;&#x1784;&#x17B6;&#x179A; &#x179A;&#x1794;&#x17C0;&#x1794;&#x1791;&#x1791;&#x17BD;&#x179B;&#x1794;&#x17B6;&#x1793;&#x1780;&#x17B6;&#x179A;&#x1784;&#x17B6;&#x179A; &#x1780;&#x17B6;&#x179A;&#x179A;&#x1780;&#x17D2;&#x179F;&#x17B6;&#x179A;&#x1780;&#x17B6;&#x179A;&#x1784;&#x17B6;&#x179A; &#x1780;&#x17B6;&#x179A;&#x1792;&#x17D2;&#x179C;&#x17BE;&#x17B3;&#x17D2;&#x1799;&#x1798;&#x17B6;&#x1793;&#x1797;&#x17B6;&#x1796;&#x179A;&#x17B8;&#x1780;&#x1785;&#x1798;&#x17D2;&#x179A;&#x17BE;&#x1793;&#x1780;&#x17D2;&#x1793;&#x17BB;&#x1784;&#x1780;&#x17B6;&#x179A;&#x1784;&#x17B6;&#x179A; &#x1780;&#x17B6;&#x179A;&#x1784;&#x17B6;&#x179A;&#x1785;&#x17C6;&#x178E;&#x17B6;&#x1780;&#x179F;&#x17D2;&#x179A;&#x17BB;&#x1780;&#x1794;&#x17D2;&#x179A;&#x1780;&#x1794;&#x178A;&#x17C4;&#x1799;&#x179F;&#x17BB;&#x179C;&#x178F;&#x17D2;&#x1790;&#x17B7;&#x1797;&#x17B6;&#x1796;&#x1793;&#x17B7;&#x1784;&#x1798;&#x17BB;&#x1781;&#x179A;&#x1794;&#x179A;&#x1795;&#x17D2;&#x179F;&#x17C1;&#x1784;&#x17D7;&#x1791;&#x17C0;&#x178F;&#x17D4; </subfield>
  </datafield>
  <datafield tag="520" ind1=" " ind2=" ">
    <subfield code="a">Demonstrates the process of preparing for work, including: before finding a job, how to get a job, keeping a job, job advancement, safe migration and other occupations.</subfield>
  </datafield>
  <datafield tag="521" ind1="8" ind2=" ">
    <subfield code="a">1120
</subfield>
    <subfield code="b">Lexile estimate
</subfield>
  </datafield>
  <datafield tag="521" ind1="8" ind2=" ">
    <subfield code="a">Z'
</subfield>
    <subfield code="b">Raz-Plus
</subfield>
  </datafield>
  <datafield tag="650" ind1=" " ind2=" ">
    <subfield code="a">&#x1780;&#x17B6;&#x179A;&#x178F;&#x17D2;&#x179A;&#x17C0;&#x1798;&#x1781;&#x17D2;&#x179B;&#x17BD;&#x1793; </subfield>
    <subfield code="v">&#x1780;&#x17B6;&#x179A;&#x179F;&#x17D2;&#x179C;&#x17C2;&#x1784;&#x179A;&#x1780; </subfield>
    <subfield code="x">&#x1797;&#x17B6;&#x1796;&#x179A;&#x17B8;&#x1780;&#x1785;&#x1798;&#x17D2;&#x179A;&#x17BE;&#x1793; </subfield>
    <subfield code="y">&#x1780;&#x17B6;&#x179A;&#x1784;&#x17B6;&#x179A; </subfield>
  </datafield>
  <datafield tag="650" ind1=" " ind2=" ">
    <subfield code="a">Preparation  </subfield>
    <subfield code="v">Searching</subfield>
    <subfield code="x">Improve</subfield>
    <subfield code="y">Work  </subfield>
  </datafield>
  <datafield tag="700" ind1=" " ind2=" ">
    <subfield code="a">Sovanrith, Khun </subfield>
    <subfield code="e">illustrator </subfield>
  </datafield>
  <datafield tag="700" ind1=" " ind2=" ">
    <subfield code="a">Ratha, Ouk </subfield>
    <subfield code="e">illustrator </subfield>
  </datafield>
  <datafield tag="942" ind1=" " ind2=" ">
    <subfield code="2">ddc</subfield>
    <subfield code="c">BK</subfield>
    <subfield code="n">0</subfield>
  </datafield>
  <datafield tag="999" ind1=" " ind2=" ">
    <subfield code="c">1563</subfield>
    <subfield code="d">1563</subfield>
  </datafield>
  <datafield tag="952" ind1=" " ind2=" ">
    <subfield code="0">0</subfield>
    <subfield code="1">0</subfield>
    <subfield code="2">ddc</subfield>
    <subfield code="4">0</subfield>
    <subfield code="7">0</subfield>
    <subfield code="8">KHMERNF</subfield>
    <subfield code="a">001</subfield>
    <subfield code="b">001</subfield>
    <subfield code="c">RHTK2</subfield>
    <subfield code="d">2023-09-07</subfield>
    <subfield code="l">0</subfield>
    <subfield code="o">ANO 331.702 </subfield>
    <subfield code="p">2023-0518</subfield>
    <subfield code="r">2023-09-07 08:37:03</subfield>
    <subfield code="t">1</subfield>
    <subfield code="w">2023-09-07</subfield>
    <subfield code="y">BK</subfield>
  </datafield>
  <datafield tag="952" ind1=" " ind2=" ">
    <subfield code="0">0</subfield>
    <subfield code="1">0</subfield>
    <subfield code="2">ddc</subfield>
    <subfield code="4">0</subfield>
    <subfield code="7">0</subfield>
    <subfield code="8">KHMERNF</subfield>
    <subfield code="a">001</subfield>
    <subfield code="b">001</subfield>
    <subfield code="c">RHTK2</subfield>
    <subfield code="d">2023-09-07</subfield>
    <subfield code="l">1</subfield>
    <subfield code="o">ANO 331.702 </subfield>
    <subfield code="p">2023-0519</subfield>
    <subfield code="r">2025-06-30 08:51:15</subfield>
    <subfield code="s">2025-06-30</subfield>
    <subfield code="t">2</subfield>
    <subfield code="w">2023-09-07</subfield>
    <subfield code="y">BK</subfield>
  </datafield>
</record>
